Artesanos, artesanías y arte popular de México (Record no. 10335)

MARC details
000 -CABECERA
campo de control de longitud fija 00708nam a2200229 a 4500
001 - NÚMERO DE CONTROL
campo de control BRL_1526
005 - FECHA Y HORA DE LA ÚLTIMA TRANSACCIÓN
campo de control 20190320211240.0
008 - DATOS DE LONGITUD FIJA--INFORMACIÓN GENERAL
campo de control de longitud fija 170214s1996----mx-aob####---#000-0#spa-#
020 ## - NÚMERO INTERNACIONAL ESTÁNDAR DEL LIBRO
Número Internacional Estándar del Libro 0968299696
050 #4 - SIGNATURA TOPOGRÁFICA DE LA BIBLIOTECA DEL CONGRESO
Número de clasificación NK844
Número de documento/Ítem .A78 1996
245 10 - MENCIÓN DE TÍTULO
Título Artesanos, artesanías y arte popular de México
Resto del título una historia ilustrada
Mención de responsabilidad, etc. Victoria Novelo, compiladora.
260 ## - PUBLICACIÓN, DISTRIBUCIÓN, ETC.
Lugar de publicación, distribución, etc. México
Nombre del editor, distribuidor, etc. CONACULTA
Fecha de publicación, distribución, etc. 1996
300 ## - DESCRIPCIÓN FÍSICA
Extensión 303 p.
Otras características físicas il. (algunas a color)
Dimensiones 31 cm.
500 ## - NOTA GENERAL
Nota general Au879
504 ## - NOTA DE BIBLIOGRAFÍA, ETC.
Nota de bibliografía, etc. Bibliografía : p. 293-303
650 14 - PUNTO DE ACCESO ADICIONAL DE MATERIA--TÉRMINO DE MATERIA
Término de materia o nombre geográfico como elemento de entrada Arte popular
Subdivisión geográfica México
9 (RLIN) 882
650 14 - PUNTO DE ACCESO ADICIONAL DE MATERIA--TÉRMINO DE MATERIA
Término de materia o nombre geográfico como elemento de entrada Artesanías
Subdivisión geográfica México
9 (RLIN) 3976
650 14 - PUNTO DE ACCESO ADICIONAL DE MATERIA--TÉRMINO DE MATERIA
Término de materia o nombre geográfico como elemento de entrada Artesanos en el arte
9 (RLIN) 4670
700 1# - PUNTO DE ACCESO ADICIONAL--NOMBRE DE PERSONA
Nombre de persona Novelo, Victoria
9 (RLIN) 424
902 ## - CATALOGADOR
Iniciales GRL
942 ## - ELEMENTOS DE PUNTO DE ACCESO ADICIONAL (KOHA)
Fuente del sistema de clasificación o colocación Library of Congress Classification
Tipo de ítem Koha Libros
Holdings
Estado de retiro Estado de pérdida Estado dañado No para préstamo Localización permanente Ubicación/localización actual Fecha de adquisición Número de inventario Total de préstamos Signatura topográfica completa Código de barras Fecha visto por última vez Precio válido a partir de Tipo de ítem Koha
El ejemplar forma parte de la colección y puede ser consultado según las políticas vigentes.       Biblioteca Centro de Estudios Ruth D. Lechuga Biblioteca Centro de Estudios Ruth D. Lechuga 17/02/2014 Au879   NK844 .A78 1996 (Au879) GRL01685 22/03/2019 22/03/2019 Libros